000 01046nam a22002897a 4500
999 _c64247
_d64247
005 20240530110722.0
008 180331s2017 ua a g b 000 0 ara d
017 _a2016/22419
_bمصر. دار الكتب
020 _a9789777650793
040 _aEG-CaGPL
_cEG-CaGPL
082 0 4 _221
_a180\
_bو ع
100 1 _aوولف ، أ.
245 1 0 _aعرض تاريخى للفلسفة والعلم /
_cتأليف أ. وولف ؛ ترجمة محمد عبدالواحد خلاف .
250 _aط.1
260 _aالقاهرة :
_bآفاق للنشر والتوزيع،
_c2017 .
300 _a127 ص. ؛
_c20 سم.
504 _aيشتمل على ارجاعات ببليوجرافية
600 0 _aسقراط
650 0 7 _2qrmak
_aالتصوف
650 0 7 _2qrmak
_aالفلاسفة اليهود
650 0 7 _2qrmak
_aالفلاسفة
650 0 7 _2qrmak
_aالفلسفة
651 _2qrmak
700 0 _aمحمد عبدالواحد خلاف
_eمترجم
942 _2ddc
_cBK